Research methods (Record no. 173413)
[ view plain ]
| 000 -LEADER | |
|---|---|
| fixed length control field | 00513nam a2200217Ia 4500 |
| 003 - CONTROL NUMBER IDENTIFIER | |
| control field | OSt |
| 005 - DATE AND TIME OF LATEST TRANSACTION | |
| control field | 20250625113203.0 |
| 008 - FIXED-LENGTH DATA ELEMENTS--GENERAL INFORMATION | |
| fixed length control field | 210423s2007 xx 000 0 und d |
| 040 ## - CATALOGING SOURCE | |
| Transcribing agency | AL |
| 041 ## - LANGUAGE CODE | |
| Language code of text/sound track or separate title | eng |
| 082 ## - DEWEY DECIMAL CLASSIFICATION NUMBER | |
| Classification number | 001.42 |
| Edition number | 23 |
| Item number | MCBR |
| 100 ## - MAIN ENTRY--PERSONAL NAME | |
| Personal name | MCBURNCY (Donald H) |
| 9 (RLIN) | 113502 |
| 245 ## - TITLE STATEMENT | |
| Title | Research methods |
| 260 ## - PUBLICATION, DISTRIBUTION, ETC. | |
| Name of publisher, distributor, etc. | Thomson Learning |
| Date of publication, distribution, etc. | 2007 |
| 300 ## - PHYSICAL DESCRIPTION | |
| Extent | 216 |
| 365 ## - TRADE PRICE | |
| Price amount | 332 |
| Currency code | INR |
| 650 ## - SUBJECT ADDED ENTRY--TOPICAL TERM | |
| Topical term or geographic name entry element | General |
| 9 (RLIN) | 113503 |
| 650 ## - SUBJECT ADDED ENTRY--TOPICAL TERM | |
| Topical term or geographic name entry element | Research |
| 9 (RLIN) | 113504 |
| 906 ## - LOCAL DATA ELEMENT F, LDF (RLIN) | |
| a | methods ; Research |
| 942 ## - ADDED ENTRY ELEMENTS (KOHA) | |
| Source of classification or shelving scheme | Dewey Decimal Classification |
| Koha item type | Book |
| Withdrawn status | Lost status | Source of classification or shelving scheme | Damaged status | Not for loan | Collection code | Home library | Current library | Date acquired | Source of acquisition | Cost, normal purchase price | Total Checkouts | Full call number | Barcode | Date last seen | Date last checked out | Price effective from | Koha item type |
|---|---|---|---|---|---|---|---|---|---|---|---|---|---|---|---|---|---|
| Dewey Decimal Classification | MSW | St Aloysius PG Library | St Aloysius PG Library | 11/11/2002 | Higginbothams Pvt Ltd | 332.00 | 1 | 001.42 MCBR | PG020007 | 09/09/2025 | 09/03/2025 | 04/26/2021 | Book |